Rivas y Larra : (Record no. 2606)
[ view plain ]
| 000 -CABECERA | |
|---|---|
| campo de control de longitud fija | 00931nam a2200265 a 4500 |
| 001 - NÚMERO DE CONTROL | |
| campo de control | 000002772 |
| 005 - FECHA Y HORA DE LA ÚLTIMA TRANSACCIÓN | |
| campo de control | 20200929150244.0 |
| 008 - DATOS DE LONGITUD FIJA--INFORMACIÓN GENERAL | |
| campo de control de longitud fija | 840402s1957 sp 001 0bspa |
| 040 ## - FUENTE DE LA CATALOGACIÓN | |
| Centro catalogador/agencia de origen | DO-SdBNP |
| Lengua de catalogación | spa |
| Centro/agencia transcriptor | BNPHU |
| 082 ## - NÚMERO DE LA CLASIFICACIÓN DECIMAL DEWEY | |
| Número de clasificación | RD860.62 |
| Número de documento/Ítem | A996R, 1957 |
| 100 1# - ENTRADA PRINCIPAL--NOMBRE DE PERSONA | |
| Nombre de persona | Azorín, |
| Fechas asociadas al nombre | 1873-1967 |
| Forma completa/desarrollada del nombre | José Martínez Ruiz |
| 9 (RLIN) | 8734 |
| 245 10 - MENCIÓN DE TÍTULO | |
| Título | Rivas y Larra : |
| Resto del título | razón social del romanticismo en España / |
| Mención de responsabilidad, etc. | Azorín. |
| 250 ## - MENCIÓN DE EDICIÓN | |
| Mención de edición | 2a ed. |
| 260 ## - PUBLICACIÓN, DISTRIBUCIÓN, ETC. | |
| Lugar de publicación, distribución, etc. | Madrid : |
| Nombre del editor, distribuidor, etc. | Espasa-Calpe, |
| Fecha de publicación, distribución, etc. | 1957. |
| 300 ## - DESCRIPCIÓN FÍSICA | |
| Extensión | 166 p. ; |
| Dimensiones | 18 cm. |
| 490 1# - MENCIÓN DE SERIE | |
| Mención de serie | Austrial ; |
| Designación de volumen o secuencia | 674 |
| 650 #4 - PUNTO DE ACCESO ADICIONAL DE MATERIA--TÉRMINO DE MATERIA | |
| Término de materia o nombre geográfico como elemento de entrada | Literatura española |
| Subdivisión general | Colecciones de escritos |
| 9 (RLIN) | 8735 |
| 650 #4 - PUNTO DE ACCESO ADICIONAL DE MATERIA--TÉRMINO DE MATERIA | |
| Término de materia o nombre geográfico como elemento de entrada | Ensayos españoles |
| 9 (RLIN) | 3095 |
| 650 #4 - PUNTO DE ACCESO ADICIONAL DE MATERIA--TÉRMINO DE MATERIA | |
| Término de materia o nombre geográfico como elemento de entrada | España |
| Subdivisión general | Vida intelectual |
| 9 (RLIN) | 8736 |
| 650 #4 - PUNTO DE ACCESO ADICIONAL DE MATERIA--TÉRMINO DE MATERIA | |
| Término de materia o nombre geográfico como elemento de entrada | España |
| Subdivisión general | Descripción y viajes |
| 9 (RLIN) | 8737 |
| 600 14 - PUNTO DE ACCESO ADICIONAL DE MATERIA--NOMBRE DE PERSONA | |
| Nombre de persona | RIVAS, ANGEL DE SAAVEDRA, |
| Títulos y otros términos asociados al nombre | DUQUE DE, |
| Fechas asociadas al nombre | 1791-1865. |
| 9 (RLIN) | 8738 |
| 600 14 - PUNTO DE ACCESO ADICIONAL DE MATERIA--NOMBRE DE PERSONA | |
| Nombre de persona | LARRA, MARIANO JOSÉ DE, |
| Fechas asociadas al nombre | 1809-1837. |
| 9 (RLIN) | 8739 |
| 650 #4 - PUNTO DE ACCESO ADICIONAL DE MATERIA--TÉRMINO DE MATERIA | |
| Término de materia o nombre geográfico como elemento de entrada | Romanticismo |
| 9 (RLIN) | 8740 |
| 830 #0 - PUNTO DE ACCESO ADICIONAL DE SERIE-TÍTULO UNIFORME | |
| Título uniforme | Austrial ; |
| Número de parte o sección de la obra | 674 |
| 9 (RLIN) | 8741 |
| Estado de retiro | Estado de pérdida | Restricciones de uso | No para préstamo | Código de colección | Localización permanente | Ubicación/localización actual | Ubicación en estantería | Fecha de adquisición | Número de inventario | Total de préstamos | Signatura topográfica completa | Código de barras | Fecha visto por última vez | Precio válido a partir de | Tipo de ítem Koha | Número de copia |
|---|---|---|---|---|---|---|---|---|---|---|---|---|---|---|---|---|
| Préstamo interno | Monografías: Libros y Folletos | General | General | En catalogación | 08.07.2009 | LF1 | RD860.62 A996R, 1957 | 2772-10 | 25.06.2020 | 25.06.2020 | Préstamo interno | |||||
| Préstamo restringido | Préstamo restrigido | Monografías: Libros y Folletos | General | General | En catalogación | 02.07.2010 | LF1 | RD860.62 A996R, 1957 | 2772-20 | 25.06.2020 | 25.06.2020 | Préstamo interno | e.2 |
